| 000 | 00555nam a22001937a 4500 | ||
|---|---|---|---|
| 003 | NUST | ||
| 005 | 20250221161117.0 | ||
| 008 | 180724b ||||| |||| 00| 0 eng d | ||
| 038 | _a0 | ||
| 082 | _a200 | ||
| 100 | _4Habiba Gul | ||
| 245 |
_aValuing non-marketed recreational benefits of Khanpur Lake/ _cGul Habiba |
||
| 260 |
_aIslamabad _bS3H-NUST _c2017 |
||
| 300 | _a50p | ||
| 610 |
_xMS- Economics _9127870 |
||
| 700 |
_aSupervisor: Dr. Faisal Jamil _9124811 |
||
| 856 | _uhttp://10.250.8.41:8080/xmlui/handle/123456789/6779 | ||
| 942 |
_2ddc _cSC |
||
| 999 |
_c478813 _d478813 |
||